| 000 | 00781cad a22002295a 4500 | ||
|---|---|---|---|
| 001 | L158733 | ||
| 008 | 121219e2015 xxk 000 0 eng d | ||
| 035 | _a(Sirsi) u158733 | ||
| 041 | 0 | _aeng | |
| 100 | 1 |
_aNetherton _HChris |
|
| 245 | 0 | 0 |
_aHome and dry _h[electronic resource] |
| 260 | _c2015 | ||
| 490 |
_aRICS Building Surveying Journal _vJuly 2015- August 2015, 24-25(2) |
||
| 520 | _aDescribes drying techniques for flooded property. | ||
| 650 | 2 | 4 | _aFLOOD DAMAGE |
| 650 | 2 | 4 | _aDRYING SYSTEMS |
| 651 | 4 |
_aUnited Kingdom _y |
|
| 690 | _aBuilding materials and defects | ||
| 710 |
_aRoyal Institution of Chartered Surveyors _94900 |
||
| 856 | 4 | 0 |
_uhttps://www.rics.org/Global/Building_Surveying_Journal_July_August_2015.pdf _zView the article at www.rics.org |
| 942 | _n0 | ||
| 999 |
_c84669 _d84669 |
||